[Event "Irena Warakomska Memorial 2019"]
[Site "Suwalki"]
[Date "2019.08.12"]
[Round "9"]
[White "Szczurek, Krzysztof"]
[Black "Czerw, Dawid"]
[Result "0-1"]
[Board "36"]
[WhiteElo "2112"]
[WhiteTitle "FM"]
[WhiteCountry "POL"]
[WhiteFideId "1185489"]
[WhiteEloChange "-5"]
[BlackElo "2281"]
[BlackTitle "FM"]
[BlackCountry "POL"]
[BlackFideId "1145746"]
[BlackEloChange "5"]

1. e4 {[%clk 1:30:58]} c5 {[%clk 1:30:56]} 2. c3 {[%clk 1:31:21]} d5 {[%clk
1:31:21]} 3. exd5 {[%clk 1:31:47]} Qxd5 {[%clk 1:31:46]} 4. d4 {[%clk 1:32:12]}
Nf6 {[%clk 1:32:08]} 5. Nf3 {[%clk 1:32:33]} e6 {[%clk 1:32:32]} 6. Na3 {[%clk
1:32:49]} Be7 {[%clk 1:30:03]} 7. Nb5 {[%clk 1:31:40]} Na6 {[%clk 1:29:24]} 8.
Be3 {[%clk 1:31:42]} O-O {[%clk 1:26:38]} 9. Be2 {[%clk 1:27:19]} Qd8 {[%clk
1:21:07]} 10. dxc5 {[%clk 1:25:21]} Bxc5 {[%clk 1:17:21]} 11. Bxc5 {[%clk
1:15:08]} Nxc5 {[%clk 1:16:57]} 12. Qxd8 {[%clk 1:15:32]} Rxd8 {[%clk 1:17:22]}
13. O-O {[%clk 1:15:55]} Bd7 {[%clk 1:12:05]} 14. Ne5 {[%clk 1:12:17]} Bxb5
{[%clk 1:07:49]} 15. Bxb5 {[%clk 1:12:39]} a6 {[%clk 1:04:37]} 16. Bc4 {[%clk
1:12:41]} Na4 {[%clk 1:01:14]} 17. Rab1 {[%clk 1:11:10]} Ne4 {[%clk 0:59:12]} 18.
Bb3 {[%clk 1:09:15]} Nac5 {[%clk 0:56:53]} 19. Nf3 {[%clk 1:09:38]} Nxb3 {[%clk
0:53:06]} 20. axb3 {[%clk 1:09:52]} Nd2 {[%clk 0:52:44]} 21. Nxd2 {[%clk
1:09:51]} Rxd2 {[%clk 0:53:07]} 22. Rfd1 {[%clk 1:06:31]} Rad8 {[%clk 0:52:36]}
23. Rxd2 {[%clk 1:06:49]} Rxd2 {[%clk 0:53:03]} 24. g4 {[%clk 1:05:34]} h5 {[%clk
0:49:10]} 25. gxh5 {[%clk 1:00:11]} Kf8 {[%clk 0:41:22]} 26. Kg2 {[%clk 0:59:07]}
Rd5 {[%clk 0:40:29]} 27. b4 {[%clk 0:57:29]} Rg5+ {[%clk 0:40:25]} 28. Kf3 {[%clk
0:57:46]} Rxh5 {[%clk 0:40:36]} 29. Kg3 {[%clk 0:58:13]} Rd5 {[%clk 0:39:51]} 30.
f3 {[%clk 0:56:55]} Rd2 {[%clk 0:38:45]} 31. h4 {[%clk 0:55:19]} Ke7 {[%clk
0:38:34]} 32. b3 {[%clk 0:52:44]} Rc2 {[%clk 0:36:30]} 33. c4 {[%clk 0:53:06]}
Rc3 {[%clk 0:36:16]} 34. Kf2 {[%clk 0:50:23]} g6 {[%clk 0:33:42]} 35. Rb2 {[%clk
0:48:39]} Rd3 {[%clk 0:32:47]} 36. Rb1 {[%clk 0:48:16]} Rd2+ {[%clk 0:30:43]} 37.
Kg3 {[%clk 0:48:06]} Kf6 {[%clk 0:28:13]} 38. Rc1 {[%clk 0:46:59]} Rd3 {[%clk
0:25:44]} 39. c5 {[%clk 0:43:36]} Rxb3 {[%clk 0:25:29]} 40. c6 {[%clk 1:14:02]}
bxc6 {[%clk 0:55:55]} 41. Rxc6 {[%clk 1:14:26]} Rxb4 {[%clk 0:55:50]} 42. Rxa6
{[%clk 1:14:50]} Kf5 {[%clk 0:52:42]} 43. Ra7 {[%clk 1:14:32]} f6 {[%clk
0:53:03]} 44. Ra5+ {[%clk 1:14:58]} e5 {[%clk 0:53:28]} 45. Rc5 {[%clk 1:15:22]}
Rd4 {[%clk 0:49:05]} 46. Rc6 {[%clk 1:06:53]} Rd7 {[%clk 0:44:49]} 47. Ra6 {[%clk
1:06:30]} Re7 {[%clk 0:45:15]} 48. Rb6 {[%clk 0:53:47]} Re6 {[%clk 0:45:39]} 49.
Rb5 {[%clk 0:54:11]} Rd6 {[%clk 0:45:45]} 50. Rb7 {[%clk 0:54:18]} Rd3 {[%clk
0:45:27]} 51. Rb5 {[%clk 0:54:22]} Ke6 {[%clk 0:44:12]} 52. Rb6+ {[%clk 0:51:28]}
Rd6 {[%clk 0:44:09]} 53. Rb8 {[%clk 0:51:27]} f5 {[%clk 0:43:37]} 54. Re8+ {[%clk
0:38:04]} Kf6 {[%clk 0:43:28]} 55. Rf8+ {[%clk 0:37:51]} Kg7 {[%clk 0:43:08]} 56.
Re8 {[%clk 0:38:15]} Rd5 {[%clk 0:42:41]} 57. Kg2 {[%clk 0:37:39]} Kf7 {[%clk
0:41:05]} 58. Ra8 {[%clk 0:37:57]} Rd2+ {[%clk 0:41:02]} 59. Kg1 {[%clk 0:37:25]}
Rd4 {[%clk 0:38:23]} 60. Rh8 {[%clk 0:37:12]} Kg7 {[%clk 0:38:13]} 61. Re8 {[%clk
0:37:32]} e4 {[%clk 0:37:39]} 62. h5 {[%clk 0:32:24]} gxh5 {[%clk 0:35:23]} 63.
fxe4 {[%clk 0:32:39]} Rxe4 {[%clk 0:35:29]} 64. Ra8 {[%clk 0:33:02]} Kf6 {[%clk
0:34:57]} 65. Kg2 {[%clk 0:33:12]} Kg5 {[%clk 0:33:27]} 66. Rg8+ {[%clk 0:32:12]}
Kf4 {[%clk 0:33:02]} 67. Rh8 {[%clk 0:32:34]} Re2+ {[%clk 0:33:01]} 68. Kf1
{[%clk 0:32:52]} Rh2 {[%clk 0:33:16]} 69. Kg1 {[%clk 0:33:03]} Rh3 {[%clk
0:33:08]} 70. Kg2 {[%clk 0:32:51]} Rg3+ {[%clk 0:33:13]} 71. Kf2 {[%clk 0:32:42]}
Rg5 {[%clk 0:33:37]} 72. Rh7 {[%clk 0:33:09]} Kg4 {[%clk 0:33:40]} 73. Rh6 {[%clk
0:32:42]} h4 {[%clk 0:32:54]} 74. Kg2 {[%clk 0:32:27]} Rg8 {[%clk 0:27:29]} 75.
Rh7 {[%clk 0:32:11]} Ra8 {[%clk 0:26:11]} 76. Rg7+ {[%clk 0:32:34]} Kf4 {[%clk
0:26:37]} 77. Rb7 {[%clk 0:32:12]} Ra3 {[%clk 0:24:59]} 78. Rb4+ {[%clk 0:31:57]}
Kg5 {[%clk 0:25:21]} 79. Rb8 {[%clk 0:31:34]} Rg3+ {[%clk 0:24:49]} 80. Kf2
{[%clk 0:31:51]} Kg4 {[%clk 0:23:31]} 81. Rg8+ {[%clk 0:31:50]} Kf4 {[%clk
0:23:41]} 82. Rh8 {[%clk 0:32:10]} Rf3+ {[%clk 0:23:28]} 83. Ke2 {[%clk 0:31:13]}
Rh3 {[%clk 0:23:40]} 84. Kf2 {[%clk 0:31:21]} Rh2+ {[%clk 0:23:48]} 85. Kg1
{[%clk 0:31:22]} Ra2 {[%clk 0:24:02]} 86. Rb8 {[%clk 0:31:28]} Kg4 {[%clk
0:22:50]} 87. Rg8+ {[%clk 0:31:24]} Kf3 {[%clk 0:23:12]} 88. Rg5 {[%clk 0:31:21]}
f4 {[%clk 0:22:34]} 89. Rb5 {[%clk 0:31:42]} Kg4 {[%clk 0:21:58]} 90. Rb8 {[%clk
0:31:57]} Kg3 {[%clk 0:17:04]} 91. Rg8+ {[%clk 0:32:20]} Kf3 {[%clk 0:17:30]} 92.
Rb8 {[%clk 0:32:41]} Ra1+ {[%clk 0:17:43]} 93. Kh2 {[%clk 0:33:05]} Re1 {[%clk
0:17:42]} 94. Rf8 {[%clk 0:32:40]} Ke3 {[%clk 0:14:26]} 95. Kg2 {[%clk 0:31:38]}
h3+ {[%clk 0:14:00]} 96. Kxh3 {[%clk 0:31:59]} f3 {[%clk 0:14:22]} 97. Re8+
{[%clk 0:29:44]} Kd2 {[%clk 0:13:47]} 98. Rd8+ {[%clk 0:28:55]} Ke2 {[%clk
0:14:10]} 99. Re8+ {[%clk 0:29:11]} Kf1 {[%clk 0:13:30]} 100. Rf8 {[%clk
0:29:15]} f2 {[%clk 0:13:00]} 101. Kg3 {[%clk 0:29:03]} Re3+ {[%clk 0:12:53]}
102. Kh2 {[%clk 0:29:11]} Ke1 {[%clk 0:12:55]} 103. Kg2 {[%clk 0:29:29]} Re7
{[%clk 0:12:13]} 104. Rf6 {[%clk 0:29:21]} Rg7+ {[%clk 0:12:36]} 105. Kh2 {[%clk
0:29:47]} f1Q {[%clk 0:12:30]} 106. Re6+ {[%clk 0:29:22]} Qe2+ {[%clk 0:12:55]}
0-1

[Event "Irena Warakomska Memorial 2019"]
[Site "Suwalki"]
[Date "2019.08.12"]
[Round "9"]
[White "Kubicka, Anna"]
[Black "Zaika, Daniil"]
[Result "0-1"]
[Board "39"]
[WhiteElo "2241"]
[WhiteTitle "WIM"]
[WhiteCountry "POL"]
[WhiteFideId "1152254"]
[WhiteEloChange "-11"]
[BlackElo "2216"]
[BlackCountry "RUS"]
[BlackFideId "44131186"]
[BlackEloChange "11"]

1. e4 {[%clk 1:30:46]} c5 {[%clk 1:30:51]} 2. Ne2 {[%clk 1:31:10]} d6 {[%clk
1:26:45]} 3. g3 {[%clk 1:31:36]} d5 {[%clk 1:18:18]} 4. Bg2 {[%clk 1:31:54]} dxe4
{[%clk 1:18:11]} 5. Bxe4 {[%clk 1:32:19]} Nf6 {[%clk 1:18:38]} 6. Bg2 {[%clk
1:32:43]} Nc6 {[%clk 1:18:15]} 7. O-O {[%clk 1:33:05]} Bg4 {[%clk 1:16:59]} 8. h3
{[%clk 1:32:40]} Bh5 {[%clk 1:16:29]} 9. d3 {[%clk 1:32:12]} e6 {[%clk 1:16:24]}
10. Nbc3 {[%clk 1:32:20]} Rc8 {[%clk 1:05:48]} 11. Be3 {[%clk 1:31:30]} Be7
{[%clk 1:05:52]} 12. Qd2 {[%clk 1:30:25]} Bxe2 {[%clk 0:49:52]} 13. Qxe2 {[%clk
1:30:22]} Nd4 {[%clk 0:46:27]} 14. Qd2 {[%clk 1:27:30]} Qb6 {[%clk 0:44:52]} 15.
Rab1 {[%clk 1:20:42]} O-O {[%clk 0:43:04]} 16. f4 {[%clk 1:20:32]} Rfd8 {[%clk
0:41:57]} 17. Kh2 {[%clk 1:16:38]} Qa6 {[%clk 0:41:11]} 18. b3 {[%clk 1:14:44]}
b5 {[%clk 0:38:31]} 19. a4 {[%clk 1:05:40]} b4 {[%clk 0:38:20]} 20. Ne2 {[%clk
1:00:44]} Nf5 {[%clk 0:24:56]} 21. g4 {[%clk 0:51:04]} Nh4 {[%clk 0:22:10]} 22.
Ng3 {[%clk 0:44:06]} c4 {[%clk 0:15:31]} 23. bxc4 {[%clk 0:38:46]} Rxc4 {[%clk
0:15:53]} 24. Qf2 {[%clk 0:36:04]} Rc7 {[%clk 0:16:05]} 25. Bh1 {[%clk 0:29:12]}
Qxa4 {[%clk 0:14:56]} 26. Rfc1 {[%clk 0:29:33]} Rdc8 {[%clk 0:12:00]} 27. Ra1
{[%clk 0:26:05]} Rxc2 {[%clk 0:08:42]} 28. Rxa4 {[%clk 0:23:39]} Rxf2+ {[%clk
0:09:05]} 29. Bxf2 {[%clk 0:24:06]} Rxc1 {[%clk 0:09:27]} 30. Rxa7 {[%clk
0:22:02]} Rc2 {[%clk 0:08:26]} 31. Rxe7 {[%clk 0:22:05]} Kf8 {[%clk 0:07:11]} 32.
Rb7 {[%clk 0:20:45]} Rxf2+ {[%clk 0:07:35]} 33. Kg1 {[%clk 0:21:14]} Rb2 {[%clk
0:07:08]} 34. Ne4 {[%clk 0:17:21]} Nxe4 {[%clk 0:01:30]} 35. Bxe4 {[%clk
0:17:47]} Ng6 {[%clk 0:01:25]} 36. Bxg6 {[%clk 0:16:15]} hxg6 {[%clk 0:01:47]}
37. Rb8+ {[%clk 0:14:14]} Ke7 {[%clk 0:02:10]} 38. Rb7+ {[%clk 0:14:41]} Ke8
{[%clk 0:02:06]} 39. Rb8+ {[%clk 0:14:16]} Kd7 {[%clk 0:02:28]} 40. Rb7+ {[%clk
0:44:44]} Kc6 {[%clk 0:31:43]} 41. Rxf7 {[%clk 0:44:01]} b3 {[%clk 0:31:23]} 42.
Re7 {[%clk 0:31:49]} Rc2 {[%clk 0:26:11]} 43. Rxe6+ {[%clk 0:30:43]} Kc5 {[%clk
0:26:24]} 44. Re5+ {[%clk 0:28:44]} Kd4 {[%clk 0:26:36]} 45. Re6 {[%clk 0:27:59]}
b2 {[%clk 0:26:49]} 46. Rb6 {[%clk 0:27:44]} Rc1+ {[%clk 0:27:04]} 47. Kg2 {[%clk
0:27:44]} b1Q {[%clk 0:27:18]} 48. Rxb1 {[%clk 0:28:40]} Rxb1 {[%clk 0:27:42]}
49. Kg3 {[%clk 0:29:07]} Kxd3 {[%clk 0:27:53]} 50. Kh4 {[%clk 0:29:16]} Rb5
{[%clk 0:27:55]} 0-1

[Event "Irena Warakomska Memorial 2019"]
[Site "Suwalki"]
[Date "2019.08.12"]
[Round "9"]
[White "Czarniecka, Aleksandra"]
[Black "Sowul, Bartosz"]
[Result "0-1"]
[Board "41"]
[WhiteElo "2042"]
[WhiteCountry "POL"]
[WhiteFideId "1194933"]
[WhiteEloChange "-5"]
[BlackElo "2224"]
[BlackCountry "POL"]
[BlackFideId "1137590"]
[BlackEloChange "5"]

1. e4 {[%clk 1:30:57]} c5 {[%clk 1:30:44]} 2. Nf3 {[%clk 1:31:02]} Nc6 {[%clk
1:30:47]} 3. d4 {[%clk 1:31:25]} cxd4 {[%clk 1:31:12]} 4. Nxd4 {[%clk 1:31:48]}
g6 {[%clk 1:31:35]} 5. c4 {[%clk 1:31:46]} Bg7 {[%clk 1:32:00]} 6. Nc2 {[%clk
1:31:54]} e6 {[%clk 1:32:25]} 7. Be2 {[%clk 1:30:02]} Nge7 {[%clk 1:32:47]} 8.
Nc3 {[%clk 1:26:59]} f5 {[%clk 1:32:53]} 9. exf5 {[%clk 1:20:09]} Nxf5 {[%clk
1:33:14]} 10. Ne3 {[%clk 1:19:08]} Nfd4 {[%clk 1:28:55]} 11. O-O {[%clk 1:09:15]}
Nxe2+ {[%clk 1:28:36]} 12. Nxe2 {[%clk 1:07:59]} O-O {[%clk 1:28:53]} 13. Rb1
{[%clk 1:07:05]} b6 {[%clk 1:27:38]} 14. b3 {[%clk 0:59:13]} d5 {[%clk 1:15:30]}
15. Ba3 {[%clk 0:52:59]} d4 {[%clk 1:13:21]} 16. Bxf8 {[%clk 0:52:10]} Kxf8
{[%clk 1:13:04]} 17. Ng3 {[%clk 0:46:24]} Kg8 {[%clk 1:09:11]} 18. Nc2 {[%clk
0:45:43]} Bb7 {[%clk 1:08:56]} 19. Ne1 {[%clk 0:40:42]} e5 {[%clk 1:02:12]} 20.
Nd3 {[%clk 0:40:18]} h5 {[%clk 0:54:05]} 21. Ne4 {[%clk 0:37:33]} Ne7 {[%clk
0:50:53]} 22. Qe2 {[%clk 0:35:51]} Nf5 {[%clk 0:50:24]} 23. Rfd1 {[%clk 0:31:42]}
Qh4 {[%clk 0:46:12]} 24. Re1 {[%clk 0:29:05]} Re8 {[%clk 0:45:53]} 25. c5 {[%clk
0:27:04]} Ba6 {[%clk 0:40:17]} 26. Qc2 {[%clk 0:23:11]} Ne3 {[%clk 0:36:50]} 27.
fxe3 {[%clk 0:20:48]} Qxe4 {[%clk 0:37:14]} 28. Nb4 {[%clk 0:19:25]} Qxc2 {[%clk
0:35:56]} 29. Nxc2 {[%clk 0:19:51]} bxc5 {[%clk 0:32:18]} 30. Rbd1 {[%clk
0:16:04]} d3 {[%clk 0:30:34]} 31. Na3 {[%clk 0:16:15]} e4 {[%clk 0:27:17]} 32.
Nc4 {[%clk 0:16:01]} Bxc4 {[%clk 0:22:49]} 33. bxc4 {[%clk 0:16:26]} Re6 {[%clk
0:23:10]} 34. Rb1 {[%clk 0:14:42]} Ra6 {[%clk 0:23:34]} 35. Rb8+ {[%clk 0:12:10]}
Kh7 {[%clk 0:22:30]} 36. Re8 {[%clk 0:07:59]} Rxa2 {[%clk 0:21:40]} 37. Rxe4
{[%clk 0:08:20]} d2 {[%clk 0:21:37]} 38. Rd1 {[%clk 0:08:17]} Ra1 {[%clk
0:22:00]} 39. Rxa1 {[%clk 0:04:49]} Bxa1 {[%clk 0:22:23]} 40. Re7+ {[%clk
0:34:58]} Kh6 {[%clk 0:52:47]} 41. Rd7 {[%clk 0:35:15]} Bd4 {[%clk 0:53:11]} 42.
exd4 {[%clk 0:33:06]} d1Q+ {[%clk 0:53:35]} 43. Kf2 {[%clk 0:33:28]} Qd2+ {[%clk
0:54:00]} 44. Kf1 {[%clk 0:33:00]} cxd4 {[%clk 0:53:57]} 0-1

[Event "Irena Warakomska Memorial 2019"]
[Site "Suwalki"]
[Date "2019.08.12"]
[Round "9"]
[White "Zylka, Stanislaw"]
[Black "Nowak, Lukasz"]
[Result "1/2-1/2"]
[Board "48"]
[WhiteElo "2336"]
[WhiteTitle "FM"]
[WhiteCountry "POL"]
[WhiteFideId "1189654"]
[WhiteEloChange "-2"]
[BlackElo "2257"]
[BlackTitle "FM"]
[BlackCountry "POL"]
[BlackFideId "1166760"]
[BlackEloChange "2"]

1. d4 {[%clk 1:25:48]} Nf6 {[%clk 1:30:54]} 2. Nf3 {[%clk 1:25:56]} d5 {[%clk
1:31:12]} 3. c4 {[%clk 1:25:20]} e6 {[%clk 1:31:30]} 4. g3 {[%clk 1:25:43]} Be7
{[%clk 1:31:43]} 5. Bg2 {[%clk 1:26:07]} O-O {[%clk 1:32:05]} 6. O-O {[%clk
1:26:04]} dxc4 {[%clk 1:32:23]} 7. Ne5 {[%clk 1:20:27]} Nc6 {[%clk 1:32:41]} 8.
Nxc6 {[%clk 1:19:06]} bxc6 {[%clk 1:32:44]} 9. Na3 {[%clk 1:19:31]} Bxa3 {[%clk
1:32:53]} 10. bxa3 {[%clk 1:19:56]} Ba6 {[%clk 1:30:53]} 11. a4 {[%clk 1:17:21]}
Rb8 {[%clk 1:21:37]} 12. Ba3 {[%clk 1:16:47]} Re8 {[%clk 1:18:48]} 13. Bxc6
{[%clk 1:08:08]} Nd7 {[%clk 1:13:48]} 14. d5 {[%clk 0:48:14]} Bb7 {[%clk
0:56:18]} 15. Bxb7 {[%clk 0:46:44]} Rxb7 {[%clk 0:54:17]} 16. dxe6 {[%clk
0:46:55]} Rxe6 {[%clk 0:54:35]} 17. Qd4 {[%clk 0:46:18]} Qe8 {[%clk 0:51:49]} 18.
Rfd1 {[%clk 0:35:55]} Nf6 {[%clk 0:48:37]} 19. Qxc4 {[%clk 0:35:14]} Rxe2 {[%clk
0:31:55]} 20. Qa6 {[%clk 0:33:46]} Rb8 {[%clk 0:26:31]} 21. Qxa7 {[%clk 0:32:16]}
Ra8 {[%clk 0:26:26]} 22. Qxc7 {[%clk 0:26:15]} Rxf2 {[%clk 0:25:26]} 23. Kxf2
{[%clk 0:23:09]} Ng4+ {[%clk 0:25:46]} 24. Kf1 {[%clk 0:22:58]} Nxh2+ {[%clk
0:25:52]} 25. Kg1 {[%clk 0:23:03]} Qe3+ {[%clk 0:25:28]} 26. Kxh2 {[%clk
0:23:09]} Qe2+ {[%clk 0:25:47]} 27. Kh3 {[%clk 0:22:43]} Qh5+ {[%clk 0:25:56]}
28. Kg2 {[%clk 0:23:11]} Qe2+ {[%clk 0:26:14]} 29. Kg1 {[%clk 0:23:15]} Qe3+
{[%clk 0:26:34]} 30. Kh1 {[%clk 0:23:24]} Qf3+ {[%clk 0:26:53]} 31. Kh2 {[%clk
0:23:40]} Qe2+ {[%clk 0:26:42]} 32. Kh3 {[%clk 0:24:00]} 1/2-1/2